LIBRARY & INFORMATION CENTRE, KCAET, TAVANUR

ONLINE PUBLIC ACCESS CATALOGUE (OPAC)

Inroduction to modern Physics / (Record no. 1845)

MARC details
000 -LEADER
fixed length control field 00541cam a2200217ua 4500
041 ## - LANGUAGE CODE
Language code of text/sound track or separate title eng
082 ## - DEWEY DECIMAL CLASSIFICATION NUMBER
Classification number 539
Item number BLA/IN
100 ## - MAIN ENTRY--AUTHOR NAME
Personal name Blanchard, C.H .
245 ## - TITLE STATEMENT
Title Inroduction to modern Physics /
250 ## - EDITION STATEMENT
Edition statement 1 /
260 ## - PUBLICATION, DISTRIBUTION, ETC. (IMPRINT)
Place of publication London :
Name of publisher Sir Isaac Pitman & Sons Ltd ,
Year of publication 1964.
300 ## - PHYSICAL DESCRIPTION
Number of Pages 420 ; .
700 1# - ADDED ENTRY--PERSONAL NAME
Personal name Burnett, C.R .
700 1# - ADDED ENTRY--PERSONAL NAME
Personal name Stoner, R.G .
700 1# - ADDED ENTRY--PERSONAL NAME
Personal name Weber, R.G .
942 ## - ADDED ENTRY ELEMENTS (KOHA)
Koha item type Books
Holdings
Withdrawn status Lost status Damaged status Home library Current library Date acquired Full call number Accession Number Koha item type
Withdrawn     KAUAET KAUAET 07/04/2012 539 BLA/IN 6063 Books
free website counter